| 000 | 00565nam a22001817a 4500 | ||
|---|---|---|---|
| 005 | 20230227021426.0 | ||
| 008 | 230227b |||||||| |||| 00| 0 eng d | ||
| 020 | _a978-93-515-0996-7 | ||
| 082 | _aG.S. 378.1 M953 2016 | ||
| 100 |
_aMukhopadhyay, Marmar _eauthor |
||
| 245 |
_aQuality management in higher education / _cMarmar Mukhopadhyay |
||
| 260 |
_aNew Delhi, IN: _bSage Publications, _cc2016 |
||
| 300 |
_axiv, 370p.: _bill. |
||
| 504 | _aIncludes bibliographies and index | ||
| 541 | _e6937 | ||
| 650 | _aEducation, Higher | ||
| 650 | _aEducational leadership | ||
| 999 |
_c1422 _d1422 |
||